000 00378 a2200169 4500
001 189103
020 _a978-85-16-06706-9
040 _cMagnum
100 _aBandeira, Pedro
240 1 0 _aRosaflor e a moura torta
_lpor
245 1 0 _aRosaflor e a moura torta
300 _a55
362 0 _a2010
440 1 _aModerna
697 _aLITERATURA INFANTO-JUVENIL
942 _cBK
999 _c189103
_d189103